Vật liệu kỹ thuật

Salvato in:
Dettagli Bibliografici
Autore principale: Đặng, Vũ Ngoạn
Natura: Libro
Lingua:Undetermined
Pubblicazione: ĐHQG Tp HCM 2002
Tags: Aggiungi Tag
Nessun Tag, puoi essere il primo ad aggiungerne! !
Thư viện lưu trữ: Trung tâm Học liệu Trường Đại học Cần Thơ
LEADER 00428nam a2200145Ia 4500
001 CTU_49090
008 210402s9999 xx 000 0 und d
082 |a 620.11 
082 |b Ng406 
100 |a Đặng, Vũ Ngoạn 
245 0 |a Vật liệu kỹ thuật 
245 0 |c ĐẶNG VŨ NGOẠN, ĐĂNG VŨ NGOẠN 
260 |b ĐHQG Tp HCM 
260 |c 2002 
980 |a Trung tâm Học liệu Trường Đại học Cần Thơ